000 00186 a2200097 4500
001 18659
100 _a
245 _aFaseel-e-lab
260 _a
_bAwan Urdu
_c1974
090 _c13883
_d13883
942 _aNUST-CAE
_c
_c4317
999 _c253732
_d253732